Davids by Picture - Statistics

General Stats
  • This quiz has been taken 42 times
  • The average score is 12 of 24
Answer Stats
Picture Answer % Correct
David Bowie
97%
David Beckham
87%
David Schwimmer
85%
Dave Grohl
74%
David Hasselhoff
74%
David Attenborough
72%
Davy Crockett
72%
David Duchovny
69%
David Letterman
62%
Dave Chappelle
59%
Davy Jones
59%
David Blaine
46%
David Spade
46%
Dave Bautista
44%
David Guetta
44%
David Tennant
44%
Dave Matthews
38%
David Lynch
36%
David Ortiz
36%
David Byrne
33%
David Cross
21%
David Harbour
21%
David Thewlis
21%
David Goggins
8%
No matching quizzes found
Score Distribution
Percent of People with Each Score
Percentile by Number Answered
Your Score History
You have not taken this quiz